Về bài toán giá trị biên cho phương trình Poisson
cơ sở lý thuyết. Công thức nghiệm của bài toán biên. Bài toán giá trị biên cho phương trình loại Elliptic
Đã lưu trong:
| Príomhúdar: | |
|---|---|
| Údair Eile: | |
| Formáid: | Leabhar |
| Teanga: | Vietnamese |
| Foilsithe: |
Đà Nẵng
Đại học Đà Nẵng
2008
|
| Ábhair: | |
| Clibeanna: |
Cuir Clib Leis
Gan Chlibeanna, Bí ar an gcéad duine leis an taifead seo a chlibeáil!
|
| Thư viện lưu trữ: | Mạng thư viện Đại học Đà Nẵng |
|---|
| LEADER | 01448nam a2200361 4500 | ||
|---|---|---|---|
| 001 | 000010305 | ||
| 003 | 6507 | ||
| 005 | 20111212141242.0 | ||
| 008 | 111212s2008 viesd | ||
| 041 | |a vie | ||
| 072 | |a Luận văn Thạc sĩ Khoa học | ||
| 082 | |a 512.9 |b TR-V | ||
| 100 | |a Trần Thị Phước Vinh | ||
| 245 | |a Về bài toán giá trị biên cho phương trình Poisson |c Trần Thị Phước Vinh | ||
| 260 | |a Đà Nẵng |b Đại học Đà Nẵng |c 2008 | ||
| 300 | |a 50 tr. |c 29 cm | ||
| 500 | |a Luận văn Thạc sĩ. Chuyên ngành: Phương pháp toán sơ cấp. Mã số: 60.46.40 | ||
| 520 | |a cơ sở lý thuyết. Công thức nghiệm của bài toán biên. Bài toán giá trị biên cho phương trình loại Elliptic | ||
| 653 | |a Bài toán biên | ||
| 653 | |a công thức nghiệm | ||
| 653 | |a Luận văn Thạc sĩ Toán sơ cấp | ||
| 653 | |a Toán học | ||
| 700 | |a Nguyễn Chánh Định |c TS |e Hướng dân | ||
| OWN | |a LSP | ||
| AVA | |a UDN50 |b LSP |d 512.9 TR-V |e available |t Error 5001 Not defined in file expand_doc_bib_avail. |f 1 |g 0 |h N |i 0 |k 1 | ||
| 999 | |a From the UDN01 | ||
| AVA | |a UDN50 |b LSP |d 512.9 TR-V |e available |t Error 5001 Not defined in file expand_doc_bib_avail. |f 1 |g 0 |h N |i 0 |k 1 | ||
| TYP | |a Monograph | ||
| TYP | |a Printed language | ||
| 980 | |a Mạng thư viện Đại học Đà Nẵng | ||